| 000 -LEADER |
| fixed length control field |
00475nam a2200157 4500 |
| 008 - FIXED-LENGTH DATA ELEMENTS--GENERAL INFORMATION |
| fixed length control field |
191108b ||||| |||| 00| 0 eng d |
| 082 00 - DEWEY DECIMAL CLASSIFICATION NUMBER |
| Classification number |
621.3 |
| Item number |
C7711 |
| 100 ## - MAIN ENTRY--PERSONAL NAME |
| Personal name |
Cook, Arthur I |
| 9 (RLIN) |
68 |
| 245 10 - TITLE STATEMENT |
| Title |
Elements of Electrical Engineering: A Textbook of Principles and Practice |
| 250 ## - EDITION STATEMENT |
| Edition statement |
5th ed. |
| 260 ## - PUBLICATION, DISTRIBUTION, ETC. (IMPRINT) |
| Place of publication, distribution, etc |
New York |
| Name of publisher, distributor, etc |
John Wiley & Sons |
| Date of publication, distribution, etc |
1947 |
| 300 ## - PHYSICAL DESCRIPTION |
| Extent |
x, 662 p. |
| 650 #0 - SUBJECT ADDED ENTRY--TOPICAL TERM |
| Topical term or geographic name as entry element |
Electrical Engineering |
| 700 ## - ADDED ENTRY--PERSONAL NAME |
| 9 (RLIN) |
69 |
| Personal name |
Carr, Clifford C. |
| 942 ## - ADDED ENTRY ELEMENTS (KOHA) |
| Source of classification or shelving scheme |
|
| Item type |
Books |